Digital operating model : (Record no. 21508)
[ view plain ]
| 000 -LEADER | |
|---|---|
| fixed length control field | 00709nam a22002417a 4500 |
| 003 - CONTROL NUMBER IDENTIFIER | |
| control field | OSt |
| 008 - FIXED-LENGTH DATA ELEMENTS--GENERAL INFORMATION | |
| fixed length control field | 260228b2022 |||||||| |||| 00| 0 eng d |
| 020 ## - INTERNATIONAL STANDARD BOOK NUMBER | |
| International Standard Book Number | 9789373321417 |
| 082 ## - DEWEY DECIMAL CLASSIFICATION NUMBER | |
| Item number | SIN-D |
| Classification number | 658.4012 |
| 100 ## - MAIN ENTRY--PERSONAL NAME | |
| Personal name | Sinha, Rajesh |
| 245 ## - TITLE STATEMENT | |
| Title | Digital operating model : |
| Remainder of title | the future of business / |
| Statement of responsibility, etc | Rajesh Sinha |
| 260 ## - PUBLICATION, DISTRIBUTION, ETC. (IMPRINT) | |
| Place of publication, distribution, etc | New Delhi : |
| Name of publisher, distributor, etc | Wiley, |
| Date of publication, distribution, etc | 2022. |
| 300 ## - PHYSICAL DESCRIPTION | |
| Extent / Pages | xvi, 221 p. ; |
| 650 ## - SUBJECT ADDED ENTRY--TOPICAL TERM | |
| Topical term or geographic name as entry element | Strategic management |
| 650 ## - SUBJECT ADDED ENTRY--TOPICAL TERM | |
| Topical term or geographic name as entry element | Digital transformation |
| 650 ## - SUBJECT ADDED ENTRY--TOPICAL TERM | |
| Topical term or geographic name as entry element | Business models |
| 650 ## - SUBJECT ADDED ENTRY--TOPICAL TERM | |
| Topical term or geographic name as entry element | Platform strategy |
| 650 ## - SUBJECT ADDED ENTRY--TOPICAL TERM | |
| Topical term or geographic name as entry element | Innovation management |
| 650 ## - SUBJECT ADDED ENTRY--TOPICAL TERM | |
| Topical term or geographic name as entry element | Organizational change |
| 650 ## - SUBJECT ADDED ENTRY--TOPICAL TERM | |
| Topical term or geographic name as entry element | Information technology - Management |
| 650 ## - SUBJECT ADDED ENTRY--TOPICAL TERM | |
| Topical term or geographic name as entry element | Business process management |
| 942 ## - ADDED ENTRY ELEMENTS (KOHA) | |
| Source of classification or shelving scheme | |
| Koha item type | Books |
| Withdrawn status | Lost status | Source of classification or shelving scheme | Damaged status | Not for loan | Home library | Current library | Date acquired | Source of acquisition | Currency | Cost, normal purchase price | Full call number | Barcode | Date last seen | Copy number | Bill Date | Koha item type | Bill Number |
|---|---|---|---|---|---|---|---|---|---|---|---|---|---|---|---|---|---|
| SOBD Library | SOBD Library | 17/02/2026 | All India Book house | INR | 599.00 | 658.4012 SIN-D1 | 008118 | 28/02/2026 | 1 | 17/02/2026 | Reference Books | NA/IN/1928 | |||||
| SOBD Library | SOBD Library | 17/02/2026 | All India Book house | INR | 599.00 | 658.4012 SIN-D2 | 008119 | 28/02/2026 | 2 | 17/02/2026 | Books | NA/IN/1928 | |||||
| SOBD Library | SOBD Library | 17/02/2026 | All India Book house | INR | 599.00 | 658.4012 SIN-D3 | 008120 | 28/02/2026 | 3 | 17/02/2026 | Books | NA/IN/1928 | |||||
| SOBD Library | SOBD Library | 17/02/2026 | All India Book house | INR | 599.00 | 658.4012 SIN-D4 | 008121 | 28/02/2026 | 4 | 17/02/2026 | Books | NA/IN/1928 | |||||
| SOBD Library | SOBD Library | 17/02/2026 | All India Book house | INR | 599.00 | 658.4012 SIN-D5 | 008122 | 28/02/2026 | 5 | 17/02/2026 | Books | NA/IN/1928 |